000 00664nam a2200217 i 4500
001 13733
003 ES-MaACL
005 20230906150643.0
007 t|
008 980701s1972 sp ||||1| spa d
080 _a840 Baudelaire, Charles 1.06
100 1 _aArnold, Paul.
_923112
245 1 0 _aEsotérisme de Baudelaire /
_cpar Paul Arnold.
260 _aParis :
_bJ. Vrin,
_c1972.
300 _a192 p. ;
_c23 cm.
490 1 _aEssais d'art et de philosophie
600 1 4 _aBaudelaire, Charles-
_xCrítica e interpretación.
_926515
830 0 _aEssais d'art et de philosophie
_9179524
852 _aES-MaACL
_jL-21084
_bR.115742
999 _c13733
_d13733